Analiza razvoja kineskog sistema dugotrajne nege = Analysis of the development of China's long-term care system
China is entering a stage of rapid population aging. Due to its large population base and the one-child policy implemented for over 30 years, the country is aging faster than most others, with a higher number of elderly people and more pressing elderly care challenges. Traditional home care is no lo...
Elmentve itt :
| Szerző: | |
|---|---|
| Dokumentumtípus: | Cikk |
| Megjelent: |
2025
|
| Sorozat: | GLASNIK ADVOKATSKE KOMORE VOJVODINE / JOURNAL OF LEGAL THEORY AND PRACTICE OF THE BAR ASSOCIATION OF VOJVODINA
96 No. 3 |
| Tárgyszavak: | |
| doi: | 10.5937/gakv96-49343 |
| mtmt: | 35734045 |
| Online Access: | http://publicatio.bibl.u-szeged.hu/36901 |
| LEADER | 02070nab a2200229 i 4500 | ||
|---|---|---|---|
| 001 | publ36901 | ||
| 005 | 20250529152028.0 | ||
| 008 | 250529s2025 hu o 000 eng d | ||
| 022 | |a 0017-0933 | ||
| 024 | 7 | |a 10.5937/gakv96-49343 |2 doi | |
| 024 | 7 | |a 35734045 |2 mtmt | |
| 040 | |a SZTE Publicatio Repozitórium |b hun | ||
| 041 | |a eng | ||
| 041 | |a srp | ||
| 100 | 1 | |a Chen Mengxuan | |
| 245 | 1 | 0 | |a Analiza razvoja kineskog sistema dugotrajne nege = Analysis of the development of China's long-term care system |h [elektronikus dokumentum] / |c Chen Mengxuan |
| 260 | |c 2025 | ||
| 300 | |a 754-802 | ||
| 490 | 0 | |a GLASNIK ADVOKATSKE KOMORE VOJVODINE / JOURNAL OF LEGAL THEORY AND PRACTICE OF THE BAR ASSOCIATION OF VOJVODINA |v 96 No. 3 | |
| 520 | 3 | |a China is entering a stage of rapid population aging. Due to its large population base and the one-child policy implemented for over 30 years, the country is aging faster than most others, with a higher number of elderly people and more pressing elderly care challenges. Traditional home care is no longer sustainable, which increases the need for long-term care. China began exploring long-term care with the introduction of the "Long-Term Medical Care Insurance System" in Qingdao in 2012. In 2016, pilot cities were initiated in 15 regions, expanding to 49 cities in September 2020 following a directive issued for further expansion. However, there is still no unified long-term care system at the national level, and no long-term care law has been established to provide a legal safeguard. Although everyone may eventually require long-term care, given the current coverage of China's longterm care system, this paper focuses on the elderly. The purpose of this paper is to review the development and problems of China's long-term care system over the past ten years. It will address two questions: What is the current status of China's long-term care, and what are the concerns surrounding its long-term care system? | |
| 650 | 4 | |a Szociológia | |
| 856 | 4 | 0 | |u http://publicatio.bibl.u-szeged.hu/36901/1/Mengxuan_2025.pdf |z Dokumentum-elérés |